000 00420 a2200157 4500
005 20250620100433.0
020 _a0-07-235100-4
082 _a658.7 BOW
100 _aBOWERSOX, J. D
245 _aSupply Chain Logistics Management
260 _aNew York
_bMcGraw-Hill Irwin
_c2002.
300 _axxii,656p.: ill.; figurs, tables
_bIndex
_c25cm
700 _aDavid J. Closs
700 _aM. Bixby Cooper
942 _2ddc
_cBKS
999 _c4506
_d4506